| 000 | 00372nam a22001697a 4500 | ||
|---|---|---|---|
| 003 | OSt | ||
| 005 | 20211123114521.0 | ||
| 008 | 211123b |||||||| |||| 00| 0 eng d | ||
| 020 | _a0470868929 | ||
| 040 | _cHU | ||
| 082 | _a339 | ||
| 100 |
_aMILES DAVID _920097 |
||
| 245 | _aMACROECONOMICS. | ||
| 260 |
_aLONDON _bLTD _c2005 |
||
| 300 | _a610 | ||
| 942 |
_2ddc _cBOOKS _n0 |
||
| 999 |
_c19744 _d19744 |
||